Statistics for Countries By Category

Click here to take the quiz!

General Stats

  • This quiz has been taken 54 times
  • The average score is 16 of 17

Answer Stats

CategoryCountry% Correct
Stan CountriesAfghanistan
100%
Guinea CountriesGuinea
100%
Guinea CountriesGuinea-Bissau
98%
Stan CountriesKazakhstan
98%
Stan CountriesPakistan
98%
Guinea CountriesPapua New Guinea
98%
Stan CountriesTajikistan
98%
Stan CountriesTurkmenistan
98%
Stan CountriesUzbekistan
98%
Guinea CountriesEquatorial Guinea
94%
Stan CountriesKyrgyzstan
94%
Cardinal Direction CountriesNorth Korea
92%
Cardinal Direction CountriesSouth Korea
92%
Cardinal Direction CountriesSouth Sudan
90%
Cardinal Direction CountriesSouth Africa
87%
Cardinal Direction CountriesNorth Macedonia
83%
Cardinal Direction CountriesEast Timor
77%

Score Distribution

Percentile by Number Answered

Percent of People with Each Score

Your Score History

You have not taken this quiz